Seuratuimmat Instagram-tilit - Statistics

Yleistilastot
  • Tätä visaa on pelattu 43 kertaa
  • Keskiarvotulos 7 / 20
Vastaustilastot
seuraajia tili % Oikein
654 milj. Cristiano Ronaldo
83%
505 milj. Lionel Messi
80%
689 milj. (B) Instagram
70%
357 milj. Kim Kardashian
68%
393 milj. Kylie Jenner
53%
303 milj. Khloe Kardashian
48%
230 milj. Neymar
45%
288 milj. Kendall Jenner
43%
419 milj. Selena Gomez
43%
219 milj. Kourtney Kardashian
40%
295 milj. Justin Bieber
38%
281 milj. Taylor Swift
38%
375 milj. Ariana Grande
25%
393 milj. The Rock
25%
301 milj. (B) Nike
18%
311 milj. Beyonce
13%
248 milj. Jennifer Lopez
13%
273 milj. Virat Kohli
5%
278 milj. (B) National Geographic
0%
225 milj. Nicki Minaj
0%
Ehtoja vastaavia visoja ei löytynyt
Tulosjakauma
Jokaisen tuloksen saaneiden osuus
Persentiili vastausten määrän mukaan
Tuloshistoriasi
Et ole pelannut tätä visaa